1152 1788 1687 1303 1094 1616 1187 1067 1953 1730 1603 1721 1341 1206 1367 1213 1974 1677 1792 1201 1820 1743 1283 1980 1320 1174 1991 1435 1788 1932 1823 1673 1145 1457 1330 1825 1476 1157 1377 1995 1846 1621 1063 1167 1697 1005 1244 1316 1028 1327 1431 1508 1719 1666 1802 1794 1830 1483 1471 1744 1750 1687 1427 1383 1776 1814 1862 1114 1987 1677 1441 1435 1886 1163 1570 1523 1657 1313 1212 1540 1407 1195 1675 1849 1090 1449 1996 1801 1803 1236 1872 1692 1970 1613 1702 1171 1507 1376 1676 BCNSPRNW ULIB Ver.6.0+V

เปลี่ยนเป็นภาษาไทย

Change to English
 แสดงรายละเอียดบรรณานุกรม
  กลับหน้าหลัก

Brief Record : Get Marc (ISO 2709) : E-mail record : QR code < ปิดหน้าต่าง
LEADER : 00000nam 2200000uu 4500
001    13399108655
003     ULIB
008    110311s2548||||th 000 0 tha d
020    9744655445
020    9789744655448
060 04 WA292^bอ829ก 2548
100 0  อุ่นใจ เครือสถิตย์
245 10 การยกการเคลื่อนย้ายผู้บาดเจ็บและเจ็บป่วยฉุกเฉิน /^cอุ่นใจ เครือสถิตย์
250    พิมพ์ครั้งที่ 1
260    ขอนแก่น :^bภาควิชาเวชกิจฉุกเฉินวิทยาลัยการสาธารณสุขสิรินธร,^c2548
300    75 หน้า :^bภาพประกอบ ;^c21 ซม.
650  7 การเคลื่อนย้ายผู้ป่วยและบาดเจ็บ
650  7 ภาวะฉุกเฉิน
650  7 ปฐมพยาบาล
710 2  วิทยาลัยการสาธารณสุขสิรินธร. ^bภาควิชาเวชกิจฉุกเฉิน
945    ^p110^l0^i18024
945    ^p110^l0^i24432
995    เกษร
999 ^a ใช้งานได้ทุกระบบ
รายการนี้ยังไม่มีแท็ก
คุณยังไม่ได้ล็อกอิน คุณสามารถมีกิจกรรมร่วมกับเว็บไซต์ได้ แต่ต้องล็อกอินก่อน ::
  ล็อกอิน

รายการสื่อสารสนเทศ

ลำดับที่ ประเภท เลขเรียก/บาร์โค้ด สถานที่ สถานะ
1. วิทยาศาสตร์การแพทย์ และสุขภาพ
วิทยาศาสตร์การแพทย์ และสุขภาพ
WA292 อ829ก 2548 ฉ.2 
  Barcode: 24432
ห้องสมุดวิทยาเขตสวรรค์ประชารักษ์
►หนังสือทั่วไป
บนชั้น

รายการใกล้เคียง
    ผู้แต่ง [อุ่นใจ เครือสถิตย์]

    หัวเรื่อง [การเคลื่อนย้ายผู้ป่วยและบาดเจ็บ]
    หัวเรื่อง [ภาวะฉุกเฉิน]
    หัวเรื่อง [ปฐมพยาบาล]

BibComment


ยังไม่เคยถูกคอมเมนท์

คอมเมนท์ทรัพยากรรายการนี้
  คอมเมนท์: การยกการเคลื่อนย้..


 Copyright 2026. Bcnsprnw @Library